| 000 | 01035cab a22002055a 4500 | ||
|---|---|---|---|
| 001 | L149304 | ||
| 008 | e2010 xxk 000 0 eng d | ||
| 035 | _a(Sirsi) u149304 | ||
| 041 | 0 | _aeng | |
| 100 | 1 | _aCurran, Nick | |
| 245 | 0 | 0 |
_aMore than a buzzword _bopen book accounting and successful partnerships _h[electronic resource] |
| 260 | _c2010 | ||
| 490 |
_aConstruction Journal _vFeb-Mar 2010, 24-26(3) |
||
| 520 | _aOpen Book Accounting (OBA) has not been adequately defined but this doesn't stop it from being used as a buzzword by many in the industry. Its adoption and implementation is the most fundamental aspect in the success or failure of cost reimbursable, target price or any other contracts that rely on the contractor's actual costs to calculate how much it should be paid. | ||
| 590 | _aKA | ||
| 651 | 4 |
_aUnited Kingdom _y |
|
| 690 |
_aProcurement _96260 |
||
| 856 | 4 | 8 |
_uhttps://www.rics.org/site/download_feed.aspx?fileID=5762&fileExtension=PDF _zView this item (member-only access) at www.rics.org |
| 942 | _n0 | ||
| 999 |
_c82122 _d82122 |
||